000
00455nam a2200169Ia 4500
008
090711s9999 xx 000 0 und d
082
_b
55599
100
_a
हसमनीस द. का.
245
_a
िंSाागळी
260
_c
1987
300
_a
192
600
_a
हसमनीस द. का.
630
_a
िंSाागळी
700
_a
हसमनीस द. का.
730
_a
िंSाागळी
942
_c
BOOK
999
_c
303048
_d
303048